| 000 | 00549nam a2200193 u 4500 | ||
|---|---|---|---|
| 005 | 20250529063821.0 | ||
| 008 | 090813s1997 r 000 0 eng d | ||
| 020 | _a9681208536 | ||
| 035 | _aUPN01000171857 | ||
| 049 | _aCG | ||
| 050 | 4 |
_aZ678 _bE5.3 1997 |
|
| 100 | 1 | _aEnciso Carvajal, Berta | |
| 245 | 1 | 3 |
_aLa biblioteca : _bbibliosistemática e información / _cBerta Enciso. |
| 250 | _a2a ed. | ||
| 260 |
_aMéxico : _bEl Colegio de México, _c1997. |
||
| 300 | _a148 p. | ||
| 650 | 2 |
_aBibliotecas - _xAdministración _98821 |
|
| 905 | _aLibro | ||
| 999 |
_c143961 _d143961 |
||